000 00917nam a2200277Ia 4500
005 20220316235218.0
008 121119s2001 ck a gr 000 f und
020 _a9582400560
041 0 _aspa
100 1 _aBernal Pinilla, Luis Dario,
_d1950-
245 1 0 _aCatalino Bocachica
_cLuis Dario Bernal Pinilla ; ilustraciones de Nicolás Lozano
250 _aNovena reimpresión
264 1 _aBogotá
_bSantillana
_c2001
300 _a95 páginas
_bilustraciones
_c22 cm.
336 _atexto
_btxt
_2rdacontent
337 _asin mediación
_bn
_2rdamedia
338 _avolumen
_bnc
_2rdacarrier
490 0 _aInfantil
650 1 4 _2LEMB
_aNovela infantil colombiana
_ySiglo XXI
650 1 4 _2LEMB
_aLiteratura infantil colombiana
_ySiglo XXI
650 1 4 _2LEMB
_aNiños
_vNovela
700 1 _aLozano, Nicolás
_eilustrador
_9116485
942 _2loc
_cBKLIT
040 _aCO-BoRNBP
_bspa
_erda
_cCO-BoRNBP
084 _aN BER1
999 _c238
_d238